[Event "DVM U14w 2011"]
[Site "Arendsee (Altmark) GER"]
[Date "2011.12.28"]
[Round "4"]
[White "Heinemann, Josefine"]
[Black "Bork, Sophie"]
[Result "1-0"]
[Termination "normal"]
[Board "3.1"]
[WhiteElo "1800"]
[BlackElo "1548"]
[WhiteTeam "USC Magdeburg"]
[BlackTeam "SV Welper"]
[WhiteFideId "12900460"]
[BlackFideId "12905429"]
[EventCountry "GER"]
[EventRounds "7"]
[EventType "team-swiss"]
[EventDate "2011.12.26"]

1. e4 e5 2. Nf3 Nf6 3. Nxe5 d6 4. Nf3 Nxe4 5. d4 d5 6. Bd3 Be7 7. O-O Nc6 8. c4
Nb4 9. Be2 O-O 10. Nc3 Nxc3 11. bxc3 Nc6 12. cxd5 Qxd5 13. c4 Qd8 14. d5 Bf6
15. Rb1 Ne5 16. Nxe5 Bxe5 17. Ba3 Re8 18. c5 b6 19. d6 cxd6 20. cxd6 Bxd6 21.
Bxd6 Rxe2 22. Qxe2 Qxd6 23. Rbd1 Qf8 24. Qe4 Be6 25. Rd2 Re8 26. Qa4 Re7 27.
Rfd1 Re8 28. Qxa7 b5 29. Qc7 f6 30. Qc6 Bc4 31. Qxe8 Qxe8 32. Rd8 Kf8 33. Rxe8+
Kxe8 34. a3 Ke7 35. f3 f5 36. f4 Ke6 37. Kf2 g6 38. Ke3 Ke7 39. Rd4 Bb3 40. Kd3
Ke6 41. Kc3 Ba4 42. Kb4 h6 43. g3 g5 44. Rd8 gxf4 45. gxf4 h5 46. h4 Ke7 47.
Rd5 Ke6 48. Re5+ Kf6 49. Rxb5 1-0

[Event "DVM U14w 2011"]
[Site "Arendsee (Altmark) GER"]
[Date "2011.12.28"]
[Round "4"]
[White "Hütte, Sarah"]
[Black "Peschos, Celine"]
[Result "0-1"]
[Termination "normal"]
[Board "3.2"]
[WhiteElo "1055"]
[BlackElo "1442"]
[WhiteTeam "SV Welper"]
[BlackTeam "USC Magdeburg"]
[WhiteFideId "12929611"]
[EventCountry "GER"]
[EventRounds "7"]
[EventType "team-swiss"]
[EventDate "2011.12.26"]

1. c4 e5 2. g3 Nf6 3. Bg2 d5 4. cxd5 Nxd5 5. Nc3 Nb6 6. e3 Be7 7. Nge2 O-O 8.
d4 exd4 9. Nxd4 c5 10. Nde2 Qxd1+ 11. Nxd1 Nc6 12. O-O Bg4 13. Nf4 Rad8 14. Nc3
Rd7 15. h3 Bf5 16. b3 Rfd8 17. e4 Be6 18. Bb2 Bf6 19. Rfc1 c4 20. Nxe6 fxe6 21.
Rab1 Ne5 22. Rd1 Nd3 23. Ba1 Bd4 24. Kh2 Bxf2 25. Rf1 Bd4 26. Ne2 Bxa1 27. Rxa1
Ne5 28. Nf4 Rd6 29. Rf2 g5 30. Ne2 Rd2 31. Kg1 Nd3 32. Rff1 Rxe2 33. Bf3 Rd2
34. Bg2 c3 35. a4 c2 36. Ra2 c1=Q 37. Rxc1 Nxc1 38. Ra1 Rd1+ 39. Kh2 Nxb3 40.
Ra2 R8d2 41. Rxd2 Rxd2 42. e5 Nd5 43. g4 Nf4 0-1

[Event "DVM U14w 2011"]
[Site "Arendsee (Altmark) GER"]
[Date "2011.12.28"]
[Round "4"]
[White "Zander, Carolin"]
[Black "Marx, Jasmin"]
[Result "1/2-1/2"]
[Termination "normal"]
[Board "3.3"]
[WhiteElo "909"]
[BlackElo "1025"]
[WhiteTeam "USC Magdeburg"]
[BlackTeam "SV Welper"]
[BlackFideId "12929620"]
[EventCountry "GER"]
[EventRounds "7"]
[EventType "team-swiss"]
[EventDate "2011.12.26"]

1. e4 d5 2. Nc3 dxe4 3. Nxe4 Qd5 4. Nc3 Qa5 5. d4 Bf5 6. Nf3 e6 7. Be3 Nf6 8.
Bd3 Be4 9. O-O Bxf3 10. Qxf3 c6 11. Rfe1 Bd6 12. Bf4 Bxf4 13. Qxf4 O-O 14. Re5
Qc7 15. Ne4 Nbd7 16. Nxf6+ Nxf6 17. Rae1 Rfd8 18. c3 Rd5 19. R1e3 Rxe5 20. Rxe5
Rd8 21. Kf1 Rd5 22. Qg3 Rxe5 23. dxe5 Nh5 24. Qg5 g6 25. g4 Ng7 26. h4 Qd7 27.
Bc2 Kf8 28. Qf6 Qe7 29. Ke2 Qxf6 30. exf6 Ne8 31. g5 Nd6 32. Kf3 Ke8 33. Kf4
Kd7 34. b3 b6 35. c4 c5 36. Be4 a6 37. f3 b5 38. cxb5 axb5 39. a3 Nxe4 40. Kxe4
Kd6 1/2-1/2

[Event "DVM U14w 2011"]
[Site "Arendsee (Altmark) GER"]
[Date "2011.12.28"]
[Round "4"]
[White "Venjakob, Alina"]
[Black "Merker, Vivien"]
[Result "1-0"]
[Termination "normal"]
[Board "3.4"]
[WhiteElo "1026"]
[BlackElo "1089"]
[WhiteTeam "SV Welper"]
[BlackTeam "USC Magdeburg"]
[WhiteFideId "12964492"]
[BlackFideId "12927260"]
[EventCountry "GER"]
[EventRounds "7"]
[EventType "team-swiss"]
[EventDate "2011.12.26"]

1. e4 c5 2. Nc3 Nc6 3. Bc4 Nf6 4. d3 g6 5. Nf3 d6 6. h3 Bg7 7. Bf4 O-O 8. Qd2
Re8 9. O-O e6 10. Rfe1 a6 11. a3 b5 12. Ba2 Bb7 13. Rad1 b4 14. Nb1 a5 15. Bg5
Qc7 16. Bb3 Ra7 17. Ba4 d5 18. Bf4 Qc8 19. e5 Nd7 20. c3 Ra8 21. d4 Rd8 22. Qe3
c4 23. Bg5 Re8 24. Qf4 Qc7 25. Qh4 Nf8 26. Bf6 h5 27. Bxg7 Kxg7 28. Qf6+ Kg8
29. Nh4 Nh7 30. Qf4 Kg7 31. Re3 Rf8 32. Rf3 Nd8 33. Bc2 Bc6 34. Re1 b3 35. Bd1
Ra7 36. Ree3 Qe7 37. Qg3 Rb7 38. Rf4 Qg5 39. Qh2 f6 40. Nxg6 Qxg6 41. Rg3 Ng5
42. h4 Qxb1 43. Kh1 Qxd1+ 44. Qg1 Qc2 45. Qa1 Kf7 46. hxg5 Ke8 47. exf6 Qg6 48.
Qe1 Rh7 49. Qe5 Rff7 50. Rh3 Bb7 51. g3 Nc6 52. Qxe6+ Kf8 53. Qxd5 Rd7 54. Qc5+
Kg8 55. Qxc4+ Kh8 56. Qb5 Na7+ 57. Qxb7 Rxb7 58. Kg2 Qxg5 59. Rh1 Qd5+ 60. f3
Qc4 61. Re1 Qd3 62. Re8# 1-0

[Event "DVM U14w 2011"]
[Site "Arendsee (Altmark) GER"]
[Date "2011.12.28"]
[Round "4"]
[White "Wiesner, Paula"]
[Black "Schramm, Anna-Lena"]
[Result "1-0"]
[Termination "normal"]
[Board "4.1"]
[WhiteElo "1780"]
[BlackElo "1322"]
[WhiteTeam "Karlsruher SF"]
[BlackTeam "Tura Harksheide"]
[WhiteFideId "24654019"]
[BlackFideId "12918237"]
[EventCountry "GER"]
[EventRounds "7"]
[EventType "team-swiss"]
[EventDate "2011.12.26"]

1. d4 d5 2. c4 c6 3. Nf3 Nf6 4. Nc3 dxc4 5. a4 Bf5 6. e3 e6 7. Bxc4 Bb4 8. O-O
O-O 9. Bd3 Nbd7 10. Bxf5 exf5 11. Qc2 g6 12. Qb3 Qb6 13. Bd2 Bxc3 14. Qxb6 Nxb6
15. Bxc3 Rac8 16. Nd2 c5 17. dxc5 Rxc5 18. Bxf6 Rc2 19. Nb3 Nd5 20. Bd4 b6 21.
Rac1 Rfc8 22. Rxc2 Rxc2 23. Rc1 Rxc1+ 24. Nxc1 Kf8 25. Kf1 Ke7 26. Ke2 Kd6 27.
Kd3 Nb4+ 28. Kc4 Na6 29. Nd3 Kc6 30. Nb4+ Nxb4 31. Kxb4 a6 32. Kc4 b5+ 33.
axb5+ axb5+ 34. Kb4 h5 35. h4 1-0

[Event "DVM U14w 2011"]
[Site "Arendsee (Altmark) GER"]
[Date "2011.12.28"]
[Round "4"]
[White "Köhler, Inken"]
[Black "Romanova, Alena"]
[Result "0-1"]
[Termination "normal"]
[Board "4.2"]
[WhiteElo "1261"]
[BlackElo "1509"]
[WhiteTeam "Tura Harksheide"]
[BlackTeam "Karlsruher SF"]
[WhiteFideId "12929301"]
[BlackFideId "12918784"]
[EventCountry "GER"]
[EventRounds "7"]
[EventType "team-swiss"]
[EventDate "2011.12.26"]

1. e4 c6 2. d4 d5 3. exd5 cxd5 4. Bd3 Nc6 5. c3 Nf6 6. Bf4 Bg4 7. Qb3 Na5 8.
Bb5+ Bd7 9. Bxd7+ Qxd7 10. Qc2 e6 11. Nf3 Qb5 12. Nbd2 Be7 13. Bc7 O-O 14. a4
Qa6 15. b4 Qc6 16. Bxa5 b6 17. b5 Qc7 18. Bxb6 axb6 19. Ne5 Nd7 20. Nc6 Bd6 21.
Nf3 Nb8 22. Ng5 g6 23. Nxb8 Rfxb8 24. h4 Bb4 25. Rc1 Rc8 26. Qb3 Bxc3+ 27. Ke2
Qc4+ 28. Qxc4 Rxc4 29. Kd3 Rac8 30. Nf3 f6 31. Nd2 Rxd4+ 32. Ke2 Rxd2+ 33. Ke3
d4+ 34. Kf3 Ra8 35. a5 Rxa5 36. Rb1 Raa2 37. Rhf1 Kf7 38. Kg3 Ke7 0-1

[Event "DVM U14w 2011"]
[Site "Arendsee (Altmark) GER"]
[Date "2011.12.28"]
[Round "4"]
[White "Bykov, Ilona"]
[Black "Harten, Janina"]
[Result "1-0"]
[Termination "normal"]
[Board "4.3"]
[WhiteElo "800"]
[BlackElo "847"]
[WhiteTeam "Karlsruher SF"]
[BlackTeam "Tura Harksheide"]
[WhiteFideId "12964433"]
[EventCountry "GER"]
[EventRounds "7"]
[EventType "team-swiss"]
[EventDate "2011.12.26"]

1. e4 e5 2. Nf3 Nc6 3. Bc4 Bc5 4. Nc3 Nf6 5. d3 d6 6. Bg5 Bg4 7. Nd5 Nd4 8. c3
Nc6 9. O-O h6 10. Bxf6 gxf6 11. h3 Bxh3 12. gxh3 Rg8+ 13. Kh1 Kf8 14. Nh4 Qc8
15. Qf3 Nd8 16. Nxf6 Rg7 17. Rg1 Rxg1+ 18. Rxg1 Bxf2 19. Qxf2 Qxh3+ 20. Qh2 Qc8
21. Rf1 c5 22. Qg2 d5 23. Qg8+ Ke7 24. Qe8+ Kd6 25. Nf5+ Kc7 26. Qe7+ Qd7 27.
Qxd7+ Kb6 28. Qd6+ Nc6 29. Nd7+ Ka5 30. Qc7+ b6 31. Qxc6 Rh8 32. Qb5# 1-0

[Event "DVM U14w 2011"]
[Site "Arendsee (Altmark) GER"]
[Date "2011.12.28"]
[Round "4"]
[White "Fröhlich, Jonna"]
[Black "Henke, Hanna"]
[Result "0-1"]
[Termination "normal"]
[Board "4.4"]
[WhiteElo "789"]
[BlackElo "775"]
[WhiteTeam "Tura Harksheide"]
[BlackTeam "Karlsruher SF"]
[BlackFideId "12964441"]
[EventCountry "GER"]
[EventRounds "7"]
[EventType "team-swiss"]
[EventDate "2011.12.26"]

1. e4 e5 2. Nf3 Nc6 3. Bc4 Bc5 4. d3 d6 5. Ng5 d5 6. Bxd5 Be6 7. Nxe6 fxe6 8.
Bxe6 Nf6 9. Qf3 Nd4 10. c3 Nxf3+ 11. gxf3 Qe7 12. d4 exd4 13. cxd4 Bxd4 14. Nd2
Qxe6 15. Nb3 O-O-O 16. O-O Be5 17. f4 Bd6 18. e5 Qg4+ 19. Kh1 Qe2 20. Be3 Ng4
21. exd6 Rxd6 22. Rfe1 Qf3+ 23. Kg1 Rg6 24. Kf1 Nxh2# 0-1

[Event "DVM U14w 2011"]
[Site "Arendsee (Altmark) GER"]
[Date "2011.12.28"]
[Round "4"]
[White "Siegl, Melina"]
[Black "Schneider, Sabrina"]
[Result "1-0"]
[Termination "normal"]
[Board "5.1"]
[WhiteElo "1771"]
[BlackElo "1128"]
[WhiteTeam "SC 1923 Bechhofen"]
[BlackTeam "SK Turm Bad Hersfeld"]
[WhiteFideId "1272126"]
[BlackFideId "12951986"]
[EventCountry "GER"]
[EventRounds "7"]
[EventType "team-swiss"]
[EventDate "2011.12.26"]

1. e4 e5 2. Nf3 Nc6 3. Bc4 Nf6 4. d3 h6 5. O-O Bc5 6. c3 Bb6 7. b4 a6 8. Bb3
O-O 9. Nbd2 d5 10. Qe2 Bg4 11. h3 Bxf3 12. Nxf3 d4 13. Bb2 Qd6 14. a3 Rad8 15.
c4 Ba7 16. c5 Qe7 17. Nh4 b6 18. cxb6 cxb6 19. Ng6 Qd6 20. Nxf8 Kxf8 21. Rfc1
Ne7 22. Rc2 Nd7 23. Qh5 Ng6 24. Qf5 Nf6 25. Rc8 Bb8 26. Rac1 Ne7 27. Rxd8+ Qxd8
28. Qf3 Bd6 29. Rc2 Qd7 30. Bc1 h5 31. Qg3 Ng6 32. Qf3 Be7 33. Bg5 h4 34. Qd1
Nf4 35. Bxf4 exf4 36. Qf3 Bd6 37. Re2 Be5 38. Rc2 Kg8 39. Qd1 Kh7 40. f3 Nh5
41. Qc1 Ng3 42. Kf2 f5 43. Rc6 fxe4 44. fxe4 a5 45. Rxb6 axb4 46. axb4 Nxe4+
47. dxe4 d3 48. Kf1 d2 49. Qd1 Qc7 1-0

[Event "DVM U14w 2011"]
[Site "Arendsee (Altmark) GER"]
[Date "2011.12.28"]
[Round "4"]
[White "Krauße, Vanessa"]
[Black "Alsheimer, Lea"]
[Result "1-0"]
[Termination "normal"]
[Board "5.2"]
[WhiteElo "1228"]
[BlackElo "1287"]
[WhiteTeam "SK Turm Bad Hersfeld"]
[BlackTeam "SC 1923 Bechhofen"]
[WhiteFideId "12937991"]
[BlackFideId "12918180"]
[EventCountry "GER"]
[EventRounds "7"]
[EventType "team-swiss"]
[EventDate "2011.12.26"]

1. e4 d5 2. exd5 Qxd5 3. Nc3 Qd8 4. Nf3 Nf6 5. Bc4 Bf5 6. O-O e6 7. d3 c6 8.
Bf4 Nbd7 9. Re1 Be7 10. Ne4 O-O 11. h3 a5 12. a3 Nb6 13. Ba2 Rc8 14. Qd2 c5 15.
Nxf6+ Bxf6 16. Qxa5 Nd5 17. Qxd8 Rfxd8 18. Be5 Bxe5 19. Rxe5 Nf4 20. Nh4 Bg6
21. Nxg6 Nxg6 22. Re4 Kf8 23. Rd1 Rd4 24. c3 Rd6 25. Bc4 Rb8 26. a4 Ne7 27. b4
cxb4 28. cxb4 Nc6 29. b5 Nb4 30. Re3 Rc8 31. Rb1 Nc2 32. Rg3 Nd4 33. Kf1 Ra8
34. Rb4 Rd7 35. Rg4 Nc2 36. Rb2 Nd4 37. Ra2 b6 38. Rh4 h6 39. Rf4 Rc8 40. a5
bxa5 41. Rxa5 Rc5 42. Ra8+ Ke7 43. b6 Re5 44. Rxd4 Rxd4 45. b7 Rxc4 46. dxc4
1-0

[Event "DVM U14w 2011"]
[Site "Arendsee (Altmark) GER"]
[Date "2011.12.28"]
[Round "4"]
[White "Böse, Christina"]
[Black "Gärling, Paula"]
[Result "1-0"]
[Termination "normal"]
[Board "5.3"]
[WhiteElo "1112"]
[BlackElo "1104"]
[WhiteTeam "SC 1923 Bechhofen"]
[BlackTeam "SK Turm Bad Hersfeld"]
[WhiteFideId "12929654"]
[EventCountry "GER"]
[EventRounds "7"]
[EventType "team-swiss"]
[EventDate "2011.12.26"]

1. e4 e5 2. Nf3 Nc6 3. d4 exd4 4. Nxd4 Nxd4 5. Qxd4 Qf6 6. Qxf6 Nxf6 7. e5 Nd5
8. Bc4 Nb4 9. Na3 Bc5 10. Bd2 Nc6 11. Bf4 O-O 12. Nb5 Nb4 13. O-O-O c6 14. Nc7
Rb8 15. e6 fxe6 16. Nxe6 Rxf4 17. Nxf4+ d5 18. Bb3 Bxf2 19. Nd3 Be3+ 20. Kb1
Nxd3 21. Rxd3 Bg5 22. Rf1 Bg4 23. Rg3 Be2 24. Rf5 Bh6 25. Rf2 Re8 26. h4 Bc4
27. a4 Bxb3 28. cxb3 Re4 29. Rgf3 g6 30. g4 Bg7 31. Rf7 Re8 32. Rxb7 h6 33. Rf1
Re4 34. Rg1 Re2 35. Kc1 Rxb2 36. h5 Ra2 37. Rg3 g5 38. Re3 Rf2 39. Ree7 Rf1+
40. Kd2 Bh8 41. Re8+ Rf8 42. Rxf8+ Kxf8 43. Rxa7 Bd4 44. Rc7 c5 45. a5 Ke8 46.
a6 Kd8 47. Rb7 Kc8 48. Rb6 c4 49. a7 Bxb6 50. a8=Q+ Kc7 51. Qxd5 1-0

[Event "DVM U14w 2011"]
[Site "Arendsee (Altmark) GER"]
[Date "2011.12.28"]
[Round "4"]
[White "Janzen, Sabine"]
[Black "Böse, Carolin"]
[Result "1-0"]
[Termination "normal"]
[Board "5.4"]
[WhiteElo "1094"]
[BlackElo "969"]
[WhiteTeam "SK Turm Bad Hersfeld"]
[BlackTeam "SC 1923 Bechhofen"]
[BlackFideId "12929646"]
[EventCountry "GER"]
[EventRounds "7"]
[EventType "team-swiss"]
[EventDate "2011.12.26"]

1. e4 e5 2. Nf3 Nf6 3. Nc3 Nc6 4. d4 exd4 5. Nxd4 Bc5 6. Be3 Ng4 7. Nxc6 Nxe3
8. Nxd8 Nxd1 9. Rxd1 Kxd8 10. Bc4 Ke7 11. Nd5+ Kd8 12. O-O d6 13. Nc3 Bg4 14.
Rd2 f5 15. e5 Ke7 16. Nd5+ Kd7 17. Nc3 Rae8 18. exd6 cxd6 19. Bb5+ Kd8 20. Bxe8
Rxe8 21. Na4 Bb4 22. c3 Ba5 23. Rxd6+ Kc8 24. f3 Bc7 25. Rd5 Bh5 26. Rxf5 Bg6
27. Rb5 Bd3 28. Rg5 Bxf1 29. Kxf1 g6 30. g3 b6 31. b4 Bd8 32. Rd5 Kc7 33. c4
Be7 34. c5 bxc5 35. Nxc5 Rd8 36. Rxd8 Kxd8 37. Ke2 h6 38. Kd3 Kc7 39. a4 g5 40.
a5 Kc6 41. Kc4 Bd6 42. b5+ Kc7 43. Na4 Kb7 44. b6 a6 45. Nc5+ 1-0

[Event "DVM U14w 2011"]
[Site "Arendsee (Altmark) GER"]
[Date "2011.12.28"]
[Round "4"]
[White "Titgemeyer, Eva Maria"]
[Black "Höschen, Franziska"]
[Result "1/2-1/2"]
[Termination "normal"]
[Board "6.1"]
[WhiteElo "1519"]
[BlackElo "1377"]
[WhiteTeam "SG Porz"]
[BlackTeam "SF Paderborn"]
[WhiteFideId "24655350"]
[EventCountry "GER"]
[EventRounds "7"]
[EventType "team-swiss"]
[EventDate "2011.12.26"]

1. e4 c5 2. Nf3 Nc6 3. d4 cxd4 4. Nxd4 g6 5. Nc3 Bg7 6. Be3 e6 7. f3 Nge7 8.
Be2 O-O 9. Qd2 Re8 10. O-O-O d5 11. Nxc6 bxc6 12. Bh6 Bh8 13. h4 Rb8 14. h5 Qb6
1/2-1/2

[Event "DVM U14w 2011"]
[Site "Arendsee (Altmark) GER"]
[Date "2011.12.28"]
[Round "4"]
[White "Schröter, Sophie"]
[Black "Schrödter, Lisa"]
[Result "0-1"]
[Termination "normal"]
[Board "6.3"]
[WhiteElo "1065"]
[BlackElo "1104"]
[WhiteTeam "SG Porz"]
[BlackTeam "SF Paderborn"]
[WhiteFideId "12941786"]
[EventCountry "GER"]
[EventRounds "7"]
[EventType "team-swiss"]
[EventDate "2011.12.26"]

1. e4 e5 2. Nf3 Nc6 3. Nc3 Bc5 4. Bc4 Nf6 5. h3 d6 6. d3 h6 7. Be3 Nd4 8. Nd5
c6 9. Nxf6+ Qxf6 10. c3 Nxf3+ 11. Qxf3 Qxf3 12. gxf3 b5 13. Bb3 Bxe3 14. fxe3
Rg8 15. Ke2 Rb8 16. a3 Ba6 17. d4 b4+ 18. Kd2 c5 19. cxb4 cxb4 20. axb4 Rxb4
21. Kc3 Rb6 22. d5 Ke7 23. Rhg1 g5 24. Ra4 Rc8+ 25. Bc4 Bxc4 26. Rxc4 Rxc4+ 27.
Kxc4 Rxb2 28. h4 gxh4 29. f4 f6 30. f5 h3 31. Kc3 Rg2 32. Rh1 h2 33. Kd3 a5 34.
Kc4 Kd7 35. Kb5 Ra2 36. Re1 Kc7 37. Rh1 a4 38. Kb4 Kb6 39. Re1 a3 40. Kb3 Rg2
41. Rh1 a2 42. Rc1 Rg1 43. Rc6+ Kb5 44. Kxa2 h1=Q 45. Rxd6 Rb1 46. Rd8 Kc5 47.
Rc8+ Kd6 48. Rc6+ Kd7 49. Rxf6 Qxe4 50. Rf7+ Ke8 51. Ra7 Qc2+ 52. Ka3 Qb3# 0-1

[Event "DVM U14w 2011"]
[Site "Arendsee (Altmark) GER"]
[Date "2011.12.28"]
[Round "4"]
[White "Höschen, Annika"]
[Black "Müller, Jennifer"]
[Result "1-0"]
[Termination "normal"]
[Board "6.4"]
[WhiteElo "1261"]
[BlackElo "945"]
[WhiteTeam "SF Paderborn"]
[BlackTeam "SG Porz"]
[EventCountry "GER"]
[EventRounds "7"]
[EventType "team-swiss"]
[EventDate "2011.12.26"]

1. e4 e5 2. Nf3 Nc6 3. Bc4 Bc5 4. d3 h6 5. O-O Nf6 6. h3 d6 7. Nc3 O-O 8. Be3
Bb6 9. Qc1 Re8 10. Bxh6 Nh7 11. Bg5 Nxg5 12. Nxg5 Be6 13. Nxe6 fxe6 14. Qd1 Nd4
15. Nb5 d5 16. exd5 Nxb5 17. Bxb5 Rf8 18. dxe6 Qe7 19. Qh5 c6 20. Bc4 Rae8 21.
Qxe5 Bc7 22. Qd4 b5 23. Bb3 a5 24. a3 Rf6 25. Qd7 Kf8 26. Qxe7+ Rxe7 27. c3 a4
28. Ba2 Bd6 29. b4 Be5 30. d4 Bd6 31. Rac1 Bf4 32. Rc2 Bd6 33. Re1 g6 34. c4
Rexe6 35. Rxe6 Rxe6 36. g3 bxc4 37. Bxc4 Re4 38. d5 c5 39. bxc5 Bxc5 40. Bd3
Re1+ 41. Kg2 Bxa3 42. Ra2 Bd6 43. Rxa4 Kf7 44. Ra6 Rd1 45. Rxd6 Rxd3 46. Rd7+
Kf6 47. Rd6+ Kf7 48. Rd7+ Kf6 49. d6 Ke6 50. Rd8 Rxd6 51. Rxd6+ Kxd6 52. Kf3
Ke5 53. Kg4 Kf6 54. f4 Kf7 55. f5 Kf6 56. fxg6 Kxg6 57. h4 Kh6 58. Kf5 Kh5 59.
g4+ Kh6 60. g5+ Kg7 61. h5 Kf7 62. g6+ Kg7 63. h6+ Kxh6 64. Kf6 Kh5 65. g7 Kg4
66. g8=Q+ Kf4 67. Qe6 Kf3 68. Qe5 Kf2 69. Kf5 Kf3 70. Qe4+ Kg3 71. Qf4+ Kg2 72.
Kg4 Kg1 73. Qd2 Kf1 74. Kg3 Kg1 75. Qe1# 1-0

[Event "DVM U14w 2011"]
[Site "Arendsee (Altmark) GER"]
[Date "2011.12.28"]
[Round "4"]
[White "Ley, Sabrina"]
[Black "Winterberg, Johanna"]
[Result "1/2-1/2"]
[Termination "normal"]
[Board "7.1"]
[WhiteElo "1324"]
[BlackElo "1263"]
[WhiteTeam "Turm Lahnstein"]
[BlackTeam "SV Breitenworbis"]
[WhiteFideId "12938130"]
[BlackFideId "12929344"]
[EventCountry "GER"]
[EventRounds "7"]
[EventType "team-swiss"]
[EventDate "2011.12.26"]

1. e4 c6 2. d4 d5 3. exd5 cxd5 4. c4 Nf6 5. Nc3 Nc6 6. Nf3 Bg4 7. Be3 e6 8. Bd3
Bb4 9. O-O dxc4 10. Bxc4 O-O 11. a3 Bxf3 12. Qxf3 Nxd4 13. Qxb7 Bxc3 14. bxc3
Nc2 15. Rad1 Qc8 16. Qxc8 Rfxc8 17. Be2 Nxe3 18. fxe3 Rxc3 19. Rd3 Rxd3 20.
Bxd3 Rc8 21. Rb1 Kf8 22. Rb3 Nd5 23. e4 Rc3 24. Rb8+ Ke7 25. exd5 Rxd3 26. Rb7+
Kf6 27. dxe6 Kxe6 28. Rxa7 Rd2 29. h3 Ra2 30. a4 g5 31. a5 h5 32. a6 f5 33. Ra8
Kd7 34. a7 Kc7 35. Rf8 Rxa7 36. Rxf5 g4 37. hxg4 hxg4 38. Rf4 Kd6 39. Rxg4 Ke5
40. Kh2 Ra2 41. Kh3 Kf5 42. g3 Re2 43. Rg8 Re3 44. Kh4 Re1 45. g4+ Kf6 46. Rf8+
Kg7 47. Rf2 Rg1 48. Rf3 Kg6 49. Rg3 Rxg3 50. Kxg3 Kg5 51. Kf3 Kg6 52. Kf4 Kf6
53. g5+ Kg6 54. Kg4 Kg7 55. Kh5 Kh7 1/2-1/2

[Event "DVM U14w 2011"]
[Site "Arendsee (Altmark) GER"]
[Date "2011.12.28"]
[Round "4"]
[White "Richardt, Angelina"]
[Black "Usczeck, Alina"]
[Result "1/2-1/2"]
[Termination "normal"]
[Board "7.2"]
[WhiteElo "1154"]
[BlackElo "1272"]
[WhiteTeam "SV Breitenworbis"]
[BlackTeam "Turm Lahnstein"]
[WhiteFideId "12938149"]
[BlackFideId "12938114"]
[EventCountry "GER"]
[EventRounds "7"]
[EventType "team-swiss"]
[EventDate "2011.12.26"]

1. e4 c6 2. d4 d5 3. exd5 cxd5 4. Bd3 Nc6 5. c3 Nf6 6. Bf4 g6 7. Ne2 Bg7 8. Nd2
O-O 9. Nf3 Bf5 10. Bxf5 gxf5 11. Qc1 e6 12. h3 Kh8 13. Ne5 Nxe5 14. Bxe5 Rg8
15. Rg1 Nd7 16. Bf4 Bf6 17. Qd2 Bg5 18. Bxg5 Qxg5 19. Qxg5 Rxg5 20. O-O-O Rc8
21. Nf4 Rc6 22. Rde1 Ra6 23. Kb1 Nf6 24. Re3 Ne4 25. f3 Nd2+ 26. Ka1 Kg8 27.
Ree1 Kh8 28. Rd1 Nc4 29. Rde1 Rb6 30. b3 Na3 31. Kb2 Nc4+ 32. Kc2 Nd6 33. Nd3
Rg8 34. Kb2 Rc8 35. Rc1 Rbc6 36. Ne5 R6c7 37. Rc2 Nb5 38. Rgc1 a5 39. a4 Nd6
40. Ka3 b6 1/2-1/2

[Event "DVM U14w 2011"]
[Site "Arendsee (Altmark) GER"]
[Date "2011.12.28"]
[Round "4"]
[White "Rau, Jennifer"]
[Black "Hendus, Isabelle"]
[Result "0-1"]
[Termination "normal"]
[Board "7.3"]
[WhiteElo "1215"]
[BlackElo "1081"]
[WhiteTeam "Turm Lahnstein"]
[BlackTeam "SV Breitenworbis"]
[WhiteFideId "12983276"]
[BlackFideId "12964530"]
[EventCountry "GER"]
[EventRounds "7"]
[EventType "team-swiss"]
[EventDate "2011.12.26"]

1. Nf3 d6 2. g3 e5 3. d3 Be7 4. Bg2 Nf6 5. O-O O-O 6. c3 e4 7. Ng5 exd3 8. exd3
Re8 9. Re1 c6 10. Nd2 d5 11. c4 dxc4 12. Nxc4 Bc5 13. Rxe8+ Qxe8 14. Be3 Bxe3
15. Nxe3 Qe5 16. Nf3 Qxb2 17. Nc4 Qb4 18. Qb3 Qxb3 19. axb3 Bg4 20. Nd6 b6 21.
Ne5 a5 22. Ndxf7 Be6 23. Nd8 Bxb3 24. Ndxc6 Nxc6 25. Bxc6 Rd8 26. Ra3 Bd5 27.
Ba4 Rc8 28. Nc4 Kf8 29. Nxb6 Rc1+ 30. Bd1 Rxd1# 0-1

[Event "DVM U14w 2011"]
[Site "Arendsee (Altmark) GER"]
[Date "2011.12.28"]
[Round "4"]
[White "Diederich, Lena"]
[Black "Schneider, Anna"]
[Result "1/2-1/2"]
[Termination "normal"]
[Board "7.4"]
[WhiteElo "916"]
[BlackElo "964"]
[WhiteTeam "SV Breitenworbis"]
[BlackTeam "Turm Lahnstein"]
[WhiteFideId "12964549"]
[EventCountry "GER"]
[EventRounds "7"]
[EventType "team-swiss"]
[EventDate "2011.12.26"]

1. e4 e5 2. Nf3 Nc6 3. Bc4 Be7 4. c3 Nf6 5. d3 O-O 6. Be3 d5 7. exd5 Nxd5 8.
Bc1 Bg4 9. Nbd2 f6 10. O-O Kh8 11. Re1 Nf4 12. Nf1 Qd7 13. Bxf4 exf4 14. Qe2
Rfe8 15. N1d2 Bf8 16. Qd1 Rxe1+ 17. Qxe1 Re8 18. Qf1 Ne5 19. Nxe5 Rxe5 20. Re1
Qd6 21. d4 Rxe1 22. Qxe1 Qe7 23. Qxe7 Bxe7 24. a4 g5 25. b4 b6 26. Bd5 c5 27.
dxc5 bxc5 28. b5 Bd8 29. Ne4 Be7 30. a5 f5 31. Be6 fxe4 32. Bxg4 Bd8 33. a6 Ba5
34. c4 1/2-1/2

[Event "DVM U14w 2011"]
[Site "Arendsee (Altmark) GER"]
[Date "2011.12.28"]
[Round "4"]
[White "Holschuh, Luisa"]
[Black "Braun, Kristin"]
[Result "0-1"]
[Termination "normal"]
[Board "8.1"]
[WhiteElo "998"]
[BlackElo "1825"]
[WhiteTeam "SV 1926 Riegelsberg"]
[BlackTeam "SC Uttenreuth"]
[WhiteFideId "12951978"]
[BlackFideId "24656534"]
[EventCountry "GER"]
[EventRounds "7"]
[EventType "team-swiss"]
[EventDate "2011.12.26"]

1. e4 d5 2. exd5 Nf6 3. d4 Nxd5 4. c4 Nb6 5. Nf3 g6 6. Be2 Bg7 7. Be3 O-O 8.
O-O Bf5 9. Nc3 c6 10. Rc1 N8d7 11. Re1 e5 12. d5 cxd5 13. cxd5 Rc8 14. b3 Re8
15. a4 Nf6 16. d6 Bf8 17. a5 Nbd7 18. b4 b6 19. Bb5 bxa5 20. Nd5 Rxc1 21. Bxc1
axb4 22. Nc7 e4 23. Nxe8 Nxe8 24. Bxd7 Qxd7 25. Ng5 Nxd6 26. Qd4 a5 27. Bb2 f6
28. Qxf6 Bg7 29. Qxg7+ Qxg7 30. Bxg7 Kxg7 31. Rd1 Nb7 32. Rd4 Nc5 33. Rc4 Nb3
34. Nxe4 Bxe4 35. Rxe4 Kf6 36. Re3 Nc5 37. Kf1 a4 38. Ke1 a3 39. Kd2 a2 40. Re1
b3 41. Kc3 b2 42. Kxb2 Nd3+ 43. Kxa2 Nxe1 44. g3 Kf5 45. Kb2 Nd3+ 46. Kc2 Nxf2
47. Kd2 Kg4 48. Ke2 Ne4 49. Kf1 Nxg3+ 50. hxg3 Kxg3 51. Kg1 h5 52. Kh1 g5 53.
Kg1 g4 54. Kh1 Kf2 55. Kh2 g3+ 0-1

[Event "DVM U14w 2011"]
[Site "Arendsee (Altmark) GER"]
[Date "2011.12.28"]
[Round "4"]
[White "Michalowski, Melina"]
[Black "Weiten, Anna"]
[Result "1-0"]
[Termination "normal"]
[Board "8.2"]
[WhiteElo "1163"]
[BlackElo "844"]
[WhiteTeam "SC Uttenreuth"]
[BlackTeam "SV 1926 Riegelsberg"]
[WhiteFideId "12902462"]
[BlackFideId "12938203"]
[EventCountry "GER"]
[EventRounds "7"]
[EventType "team-swiss"]
[EventDate "2011.12.26"]

1. d4 Nf6 2. c4 g6 3. Nc3 d5 4. Nf3 Bg7 5. cxd5 Nxd5 6. e4 Nxc3 7. bxc3 O-O 8.
Bd3 Nd7 9. Bf4 c5 10. O-O Re8 11. e5 cxd4 12. cxd4 Nb6 13. Bc2 Bg4 14. Be3 Nd5
15. Bb3 Nc3 16. Qd2 Bxf3 17. Qxc3 Bd5 18. Bxd5 Qxd5 19. Rfc1 f6 20. Qb3 Qxb3
21. axb3 fxe5 22. dxe5 Bxe5 23. Rxa7 Rxa7 24. Bxa7 Rd8 25. Be3 Bc3 26. g3 Bd2
27. Bxd2 Rxd2 28. Rc7 b6 29. Rxe7 Rb2 30. Re3 Kf7 31. Kg2 h5 32. h3 g5 33. Kf3
Kf6 34. g4 hxg4+ 35. hxg4 b5 36. Kg3 Rb1 37. f3 b4 38. Kf2 Rb2+ 39. Ke1 Rg2 40.
Re4 Rg3 41. Kf2 Rh3 42. Rxb4 Ke5 43. Ke3 Kd5 44. Rd4+ Kc5 45. Ke4 Rh8 46. Rc4+
1-0